Quaid-i-Azam Mohammad Ali Jinnah: second phase of his freedom struggle, 1924-1934 (Record no. 5169)
[ view plain ]
| 000 -LEADER | |
|---|---|
| fixed length control field | 00589 a2200145 4500 |
| 082 ## - DEWEY DECIMAL CLASSIFICATION NUMBER | |
| Classification number | 954.035092 |
| 090 ## - LOCALLY ASSIGNED LC-TYPE CALL NUMBER (OCLC); LOCAL CALL NUMBER (RLIN) | |
| -- | 1210 |
| -- | 1210 |
| 100 ## - MAIN ENTRY--PERSONAL NAME | |
| Personal name | Dr. Riaz Ahmad. |
| 245 ## - TITLE STATEMENT | |
| Title | Quaid-i-Azam Mohammad Ali Jinnah: second phase of his freedom struggle, 1924-1934 |
| Statement of responsibility, etc. | Dr. Riaz Ahmad. |
| 260 ## - PUBLICATION, DISTRIBUTION, ETC. | |
| Place of publication, distribution, etc. | Islamabad: , |
| Name of publisher, distributor, etc. | National Institute of Pakistan Studies, Quaid-i-Azam University |
| Date of publication, distribution, etc. | 1994 |
| 300 ## - PHYSICAL DESCRIPTION | |
| Extent | xiii, 253 p. ; |
| Dimensions | 24 cm. |
| 500 ## - GENERAL NOTE | |
| General note | Includes Index |
| 650 ## - SUBJECT ADDED ENTRY--TOPICAL TERM | |
| Topical term or geographic name entry element | 1.Jinnah, Mohammad Ali, 1876-1948. 2.Statesmen--Pakistan--Biography. 3.India--Politics and government--1919-1947 |
| 942 ## - ADDED ENTRY ELEMENTS (KOHA) | |
| Koha item type | Book |
| Call number prefix | 954.035092 RIA |
| Withdrawn status | Lost status | Source of classification or shelving scheme | Damaged status | Not for loan | Permanent Location | Current Location | Shelving location | Date acquired | Cost, normal purchase price | Total Checkouts | Full call number | Barcode | Date last seen | Date last checked out | Price effective from | Koha item type |
|---|---|---|---|---|---|---|---|---|---|---|---|---|---|---|---|---|
| Central Library (CL) | Central Library (CL) | General Stacks | 12/09/2000 | 300.00 | 1 | 954.035092 AHM | SEECS000748 | 09/18/2020 | 09/02/2019 | 01/05/2017 | Book |
